| Tag |
First Indicator |
Second Indicator |
Subfields |
| LEADER |
00000cam a2200000 4500 |
| 001 |
in00000012612 |
| 005 |
20151007051851.0 |
| 008 |
740605s1967 nyu 00010 eng |
| 010 |
|
|
|a 67025965
|
| 035 |
|
|
|a (OCoLC)01974939
|
| 035 |
|
|
|9 AAA5186AM
|
| 040 |
|
|
|a DLC
|c DLC
|d m/c
|d TXA
|d UtOrBLW
|
| 049 |
|
|
|a TXAM
|c [A11481931]
|
| 050 |
0 |
0 |
|a BF145
|b .F73 1967
|
| 082 |
0 |
|
|a 150
|
| 100 |
1 |
|
|a Fromme, Allan,
|d 1915-
|
| 245 |
1 |
0 |
|a Our troubled selves ;
|b a new and positive approach / by Allan Fromme.
|
| 264 |
|
1 |
|a New York :
|b Farrar, Straus and Giroux,
|c [1967]
|
| 264 |
|
4 |
|c [©1967]
|
| 300 |
|
|
|a ix, 274 pages ;
|c 22 cm.
|
| 336 |
|
|
|a text
|b txt
|2 rdacontent
|
| 337 |
|
|
|a unmediated
|b n
|2 rdamedia
|
| 338 |
|
|
|a volume
|b nc
|2 rdacarrier
|
| 650 |
|
0 |
|a Psychology.
|
| 999 |
|
|
|a MARS
|
| 999 |
f |
f |
|s 89f515e1-ac66-3c12-aba4-3e79160d6cad
|i bc437fbd-eef9-3c58-9885-ba69166e14fc
|t 0
|
| 952 |
f |
f |
|p ric
|a Texas A&M University
|b Rellis Campus
|c Joint Library Facility
|d Remote Storage
|t 0
|e BF145 .F73 1967
|h Library of Congress classification
|i unmediated -- volume
|m A14811481931
|
| 998 |
f |
f |
|a BF145 .F73 1967
|t 0
|l Remote Storage
|